[Event "RUS-ch Men Blitz 2019"]
[Site "Sochi"]
[Date "2019.10.17"]
[Round "8.26"]
[White "Dianov, Alexey"]
[Black "Tekeyev, Zaur"]
[Result "0-1"]
[WhiteElo "2158"]
[BlackElo "2384"]
[Annotator "TA"]
[PlyCount "167"]
[EventDate "2019.10.17"]
[EventType "swiss"]
[EventCountry "RUS"]
[SourceTitle "playchess.com"]
[Source "ChessBase"]
[SourceQuality "1"]

{[%evp 11,167,8,20,17,18,20,46,47,86,77,62,18,54,45,54,0,16,35,103,8,24,25,19,15,45,61,61,33,61,10,17,24,60,-5,16,15,8,7,16,18,76,49,72,88,71,0,0,0,0,-185,124,121,121,134,121,122,209,154,186,176,228,147,150,148,208,194,200,0,187,187,189,189,202,53,75,42,49,32,63,66,70,50,142,137,311,15,310,310,310,295,549,483,441,302,374,43,43,41,43,43,51,50,50,0,0,0,0,0,0,0,0,-8,0,0,0,-545,-504,-617,-617,-582,-568,-553,-412,-404,-400,-387,-379,-351,-336,-1301,-1301,-1294,-1294,-1294,-1294,-1287,-1279,-1272,-1209,-1116,-560,-560,-553,-1127,-1127,-550,-531,-517,-487,-553,-550,-524,-519,-970,-497,-29978,-29980,-29989]} 1. e4 c5 2. c3 e6 3. d4 d5 4. exd5 exd5 5. Nf3 a6 6. Be2 Nc6 7. O-O {B22: Sicilian: 2 c3} Nf6 (7... Bd6 8. c4 Nge7 9. Nc3 cxd4 10. Nxd5 Bc5 11. Nxe7 Bxe7 12. h3 O-O 13. Bd3 Be6 14. Re1 Bf6 {½-½ (42) Swiercz,D (2636)-Cordova,E (2637) Atlantic City 2016}) 8. Re1 Be7 $146 ({Predecessor:} 8... cxd4 9. Nxd4 Be7 10. Bf4 O-O 11. Nd2 Nxd4 12. cxd4 Qb6 13. Nb3 Bb4 14. Bd2 Ne4 15. Bxb4 Qxb4 {0-1 (57) Gama,J (1495)-Godinho,M (1901) Figueira da Foz 2017}) 9. dxc5 {White is slightly better.} O-O 10. b4 Ne4 11. Bb2 Bf6 12. Qb3 Be6 13. Nd4 (13. Qc2 $14) 13... Bxd4 14. cxd4 Qf6 (14... Qh4 $14 15. g3 Qh6) 15. Qf3 (15. f3 $1 $16 {[%cal Rf3e4]} Qh4 16. Na3 Qf2+ 17. Kh1) 15... Nxb4 16. Qxf6 Nxf6 17. Na3 Bf5 18. Bc3 Nc6 19. f3 Rfe8 20. Bf1 (20. Rac1 $14) 20... h5 $11 21. Rac1 Rab8 22. Nb1 (22. Nc2 $14) 22... b6 23. Nd2 bxc5 24. dxc5 d4 {And now ...Rxe1 would win.} 25. Ba1 d3 (25... Rxe1 $11 26. Rxe1 Nd7) 26. Bxf6 gxf6 27. Rxe8+ Rxe8 28. Rc3 (28. Kf2 $16) 28... Re1 29. Kf2 Rd1 30. Ke3 $2 (30. Nb3 $11) 30... Ra1 $2 (30... Nb4 $19 {White must now prevent ...Nd5+.} 31. Rxd3 Nxd3 32. Bxd3 Bxd3 33. Kxd3 Kf8) 31. Bxd3 $16 Bxd3 32. Rxd3 Rxa2 {[%mdl 4096] Endgame KRN-KRN} 33. Rd6 Ne5 (33... Nb4 $16) 34. Rxf6 Kg7 35. Rf5 Ra3+ (35... f6 {might work better.} 36. Rxh5 Rc2) 36. Ke2 Nc6 {aiming for ...Nd4+.} 37. Rxh5 a5 (37... Nd4+ $16 38. Kf2 Ra2) 38. Rg5+ Kf8 39. Rh5 $2 ({White should try} 39. Rd5 $18) 39... Ra2 $2 (39... Kg7 $1 $11 {and Black is okay.}) 40. Rh6 Nd4+ 41. Kd3 Ne6 42. Ne4 (42. c6 $18 {Threatens to win with Rxe6!} Ke7 43. g3) 42... Rxg2 $14 43. c6 {Hoping for Rxe6!} Ke7 44. Rh8 {Ra8 is the strong threat.} Rg1 45. Ra8 Rd1+ 46. Ke2 Rd5 ({Black should play} 46... Rc1 $14) 47. Ra7+ Kf8 $2 (47... Kd8 $16) 48. Nf6 $2 (48. c7 $18 Nxc7 49. Rxc7) 48... Re5+ $2 {[%mdl 8192]} (48... Nd4+ $11 49. Ke3 Nxc6) 49. Kf2 $18 Kg7 50. Ne4 Rb5 $2 (50... Rh5 51. Kg3 a4 52. Rxa4 Kg6) 51. c7 Rb2+ 52. Ke3 Rc2 {[#]} 53. Rxa5 $2 (53. Nd6 $1 $18 Nxc7 {[#]} 54. Rxc7 $1 {[%mdl 576] Remove Defender} Rxc7 55. Ne8+ {[%mdl 64] Double Attack} Kh6 56. Nxc7) 53... Rxc7 $14 54. Kf2 Rc2+ 55. Kg3 Rb2 56. h4 Rb3 57. Rf5 Nd4 58. Rg5+ Kh6 59. Nd2 Rd3 60. Ne4 Nxf3 61. Rg8 Nd2+ 62. Kf4 Rd4 63. Ke5 $2 {[%mdl 8192]} (63. Rh8+ $11 {and White has nothing to worry.} Kg7 64. Re8) 63... Rxe4+ $19 {[%mdl 64] Double Attack. KRN-KR} 64. Kf6 {[%cal Rg8h8]} Rf4+ 65. Ke5 Rf3 66. Kd4 Kh7 67. Rg2 Nb3+ 68. Ke4 Rf6 69. Ke5 Re6+ 70. Kf5 $2 (70. Kd5) 70... Nd4+ 71. Kf4 Nc6 72. Ra2 Ne7 73. Kg5 Kg7 74. Rb2 Re5+ 75. Kf4 Rf5+ 76. Kg4 Rd5 77. Re2 Ng6 78. h5 Nf8 79. Ra2 Nd7 80. Ra6 Nf6+ 81. Kf3 Rxh5 82. Rb6 (82. Kg3 $142) 82... Rf5+ 83. Ke3 (83. Kg3 $19) 83... Nd5+ 84. Kd4 {Accuracy: White = 35%, Black = 35%.} 0-1

[Event "RUS-ch Men Blitz 2019"]
[Site "Sochi"]
[Date "2019.10.17"]
[Round "8.27"]
[White "Eraschenkov, Denis"]
[Black "Goltsev, Dmitry"]
[Result "0-1"]
[WhiteElo "2382"]
[BlackElo "2309"]
[Annotator "TA"]
[PlyCount "110"]
[EventDate "2019.10.17"]
[EventType "swiss"]
[EventCountry "RUS"]
[SourceTitle "playchess.com"]
[Source "ChessBase"]
[SourceQuality "1"]

{[%evp 13,110,14,19,4,0,-38,-4,7,17,3,16,0,4,0,5,0,25,0,20,0,12,0,24,28,28,14,10,12,22,0,-2,-35,12,0,43,39,41,14,114,80,424,418,418,99,646,0,140,129,142,128,136,138,125,110,106,112,110,81,378,367,363,356,375,369,347,87,85,0,67,-306,99,-459,42,42,28,-212,-216,-204,0,0,23,8,150,0,82,84,179,178,267,250,393,401,359,284,270,-12846,-12847,-12847,-12847]} 1. e4 c5 2. Nf3 e6 3. d4 cxd4 4. Nxd4 a6 5. c4 Qc7 6. Nc3 Nf6 7. Bd3 Nc6 {[%cal Bb8c6,Bc6e5,Be5d3][%mdl 32]} 8. Nc2 {B41: Sicilian: Kan Variation: 5 c4} (8. Nxc6 dxc6 9. Be3 e5 10. h3 Bb4 11. Rc1 O-O 12. O-O Bxc3 13. Rxc3 c5 14. Qe2 b6 15. Bc2 Bb7 16. f3 Rad8 17. Rd1 Rxd1+ 18. Qxd1 Rd8 19. Rd3 Rxd3 20. Qxd3 {½-½ (20) Lenic,L (2657)-Indjic,A (2618) Hungary 2018}) 8... Ne5 9. Ne3 Nxd3+ 10. Qxd3 {The position is equal.} Bb4 $146 ({Predecessor:} 10... Be7 11. O-O O-O 12. b3 d6 13. Bb2 b6 14. Rfd1 Bb7 15. Rac1 Rac8 {0-1 (53) Megias Chafer,A (2149)-Cruz,F (2397) Mislata 2006}) 11. O-O O-O 12. f3 b6 13. b3 Bd6 14. g3 Be5 15. Bb2 Bb7 16. Rac1 Rfd8 17. Na4 Bxb2 (17... Bxg3 $5 18. hxg3 Qxg3+ 19. Kh1 Qh4+ 20. Kg1 Qg3+ 21. Kh1 Qh4+ 22. Kg1 Qg3+ $11) 18. Nxb2 Rac8 19. Na4 Bc6 20. Nc3 Qe5 21. f4 Qc5 22. h3 Rc7 23. Kh2 Qe7 24. e5 Ne8 $1 25. f5 Qg5 (25... f6 $11) 26. h4 Qh5 $2 {[%mdl 8192]} (26... Qe7 $16 {is more resistant.}) 27. fxe6 $1 $18 fxe6 {[#]} 28. Rf4 $2 (28. Ncd5 $1 $18 {[%mdl 512] Intending Ne7+ and mate.} exd5 29. Nxd5 {[%mdl 64] Double Attack}) 28... Qxe5 $2 {[%mdl 8192]} (28... g5 $16 29. Rg4 h6) 29. Ng4 $2 (29. Rcf1 $1 $18 {[%csl Gf1][%cal Rf4f8]} Qc5 30. Ncd5 $1 {[%mdl 512]} exd5 31. b4 {[%mdl 64] Decoy} Qxb4 32. Nxd5) 29... Qc5 (29... Qd6 $11 30. Rcf1 h5 31. Rf8+ Qxf8 32. Rxf8+ Kxf8) 30. Rcf1 $16 Qe7 31. Rf7 $40 {[%mdl 192] Deflection. Black is in trouble.} Qxf7 32. Rxf7 Kxf7 33. Qxh7 d6 34. h5 Kf8 35. Qg6 Re7 $2 {[%mdl 8192]} (35... Rdd7 $16) 36. h6 $18 gxh6 37. Nxh6 {[%csl Gh6][%cal Rg6g8]} (37. Qxh6+ Rg7 $16) 37... Rg7 38. Qxe6 Rdd7 {If only Black now had time for ...Rg5....} 39. Nf5 $2 (39. Qf5+ $18 {is more deadly.} Ke7 40. Ne2) 39... Rh7+ $16 40. Kg1 (40. Nh4 $1 $16) 40... Rdf7 ({Black should play} 40... Rh1+ $11 41. Kf2 Rf7) 41. g4 $2 {[%mdl 8192]} (41. Nh4 $1 $14 {stays ahead.}) 41... Rf6 $2 (41... Bd7 $1 $19 {[%cal Rd7e6]} 42. Qe4 Bxf5 43. gxf5 Rh5) 42. Qc8 $2 {[%mdl 8192] [#]} (42. Qe3 $16 {is forced if you want to stay better.}) 42... Bf3 $2 (42... Bd7 $1 $19 {[%cal Rd7c8]} 43. Qd8 Bxf5) 43. Nd5 $14 {[%mdl 64] Double Attack} Rg6 $1 44. Nde3 $2 (44. Nfe3 $11 {and White is okay.} Rf7 45. Nxb6) 44... Bxg4 $19 45. Nxg4 {[#] Strongly threatening Nfe3.} Rxg4+ $2 (45... Rc7 $1 $19 46. Ne7 Rxc8 47. Nxg6+ Kf7) 46. Kf2 $11 {Black must now prevent Nxd6.} Rf7 {And now ...Rf4+ would win.} 47. Ke3 {Nxd6 is the strong threat.} Rg5 (47... Rg6 $11) 48. Nd4 ({White has to play} 48. Nxd6 $1 $16 Re7+ 49. Kd4) 48... Re5+ (48... Rg3+ $11 {remains equal.} 49. Kd2 Rf2+ 50. Ke1 Rxa2 51. Qf5+ Kg8 52. Qe6+ Kf8 53. Qf5+ Kg8 54. Qe6+ Kf8 55. Qf5+) 49. Kd3 $16 Rfe7 (49... a5 $16) 50. Qxa6 $18 Re3+ (50... Ra5 $142 51. Qxb6 Rxa2) 51. Kd2 Nf6 (51... Rg3 $142 52. Nf5 (52. Qxb6 Rg2+ 53. Kc3 Rxa2 $18) 52... Rg2+ 53. Kc3 Re5) 52. Qxb6 Rh3 53. Qb8+ Kf7 54. Qxd6 $4 {[%mdl 8192]} (54. Nf5 $18) 54... Ne4+ $19 {[%mdl 64] Double Attack} 55. Kc2 Nxd6 {Accuracy: White = 21%, Black = 21%.} 0-1

[Event "RUS-ch Men Blitz 2019"]
[Site "Sochi"]
[Date "2019.10.17"]
[Round "8.28"]
[White "Nuristani, Iman"]
[Black "Iljin, Artem"]
[Result "1-0"]
[WhiteElo "2224"]
[BlackElo "2509"]
[Annotator "TA"]
[PlyCount "71"]
[EventDate "2019.10.17"]
[EventType "swiss"]
[EventCountry "RUS"]
[SourceTitle "playchess.com"]
[Source "ChessBase"]
[SourceQuality "1"]

{[%evp 21,71,11,16,16,30,10,26,37,28,3,26,0,15,2,0,2,27,0,16,14,23,30,30,22,22,21,22,22,15,16,25,27,39,36,32,6,43,0,44,47,59,25,38,-36,352,223,240,267,256,72,1342,1301]} 1. d4 Nf6 2. c4 e6 3. Nc3 d5 4. cxd5 exd5 5. Bg5 c6 6. e3 Be7 7. Bd3 Nbd7 8. Nge2 h6 9. Bh4 Nh5 10. Bxe7 Qxe7 11. Qc2 Nb6 12. O-O {D36: Queen's Gambit Declined: Exchange Variation: Main line (5 Bg5 c6 6 Qc2)} O-O 13. a3 {[%cal Ba2a3,Ba3a4,Ba4b5][%mdl 32]} (13. Rae1 Be6 14. Nc1 Rad8 15. Nb3 Rfe8 16. Nc5 Bc8 17. b4 Nc4 18. Qe2 Qg5 19. f4 Qh4 20. Bxc4 dxc4 {0-1 (37) Navara,D (2724)-Adams,M (2740) Biel 2015}) 13... Bd7 14. b4 $146 {White has an edge.} ({Predecessor:} 14. Ng3 Nxg3 15. hxg3 Rae8 16. Bf5 Bxf5 17. Qxf5 Nc4 18. Qc2 h5 19. Rfe1 Nd6 {0-1 (39) Miozga,T (1976)-Steiner,B (2150) Liberec 2018}) 14... a6 15. Rab1 Nf6 16. Ng3 g6 17. a4 h5 18. h3 Kg7 19. b5 axb5 20. axb5 c5 21. dxc5 Qxc5 22. Qb2 Qa3 23. Qd2 Rfc8 24. Nge2 Qd6 25. Rfd1 Qe5 26. Nd4 Rc7 27. Nce2 Rac8 28. Rdc1 Ne4 29. Qb2 Kh7 30. Rxc7 Rxc7 31. Rc1 Nc4 32. Qb4 {[#]} (32. Qc2 $14) 32... Ned6 $2 {[%mdl 8192]} (32... Nxf2 $1 $15 {[%mdl 512] keeps the upper hand.} 33. Kxf2 Qxe3+ {[%mdl 64] Double Attack} 34. Ke1 Qxd3) 33. Nf3 Qf6 34. Nf4 Be6 35. Nxe6 $2 (35. Nxh5 $18 {has better winning chances.} Qd8 {[#]} 36. Qc3 $1 {[%mdl 512]}) 35... Qxe6 $4 {[%mdl 8192]} (35... fxe6 $16 36. e4 Kg7) 36. Ng5+ {[%mdl 64] Double Attack. Accuracy: White = 38%, Black = 33%.} 1-0

[Event "RUS-ch Men Blitz 2019"]
[Site "Sochi"]
[Date "2019.10.17"]
[Round "8.29"]
[White "Esipenko, Aleksandr"]
[Black "Belozerov, Andrei"]
[Result "1-0"]
[WhiteElo "2043"]
[BlackElo "2515"]
[Annotator "TA"]
[PlyCount "160"]
[EventDate "2019.10.17"]
[EventType "swiss"]
[EventCountry "RUS"]
[SourceTitle "playchess.com"]
[Source "ChessBase"]
[SourceQuality "1"]

{[%evp 9,160,-14,13,7,8,-1,9,0,21,0,0,-11,0,0,0,-21,-18,-37,-21,-31,-27,-33,-36,-59,-8,-12,2,2,3,0,11,5,18,0,25,0,18,18,22,16,33,-8,121,0,2,11,16,0,8,18,60,48,151,0,69,0,0,0,0,0,0,0,0,0,0,0,0,0,0,0,0,0,0,0,0,0,0,0,0,0,0,0,0,-8,0,-68,-68,-74,0,0,0,0,0,0,0,0,0,0,0,0,0,0,0,0,0,0,0,0,0,0,0,0,0,0,0,0,0,0,0,0,0,0,0,0,0,0,8,0,0,0,0,0,14,14,14,14,14,14,14,14,14,14,14,14,15,8,8,8,8,8,8,0,8]} 1. e4 c6 2. d4 d5 3. Nc3 dxe4 4. Nxe4 Bf5 5. Nc5 Nd7 6. Nxb7 {B18: Classical Caro-Kann: 4...Bf5 sidelines} Qc7 7. Nc5 Nxc5 8. dxc5 e6 9. Nf3 Bxc5 {White should prevent ...Qb6.} 10. Bd3 $146 ({Predecessor:} 10. Bc4 Nf6 11. O-O h6 12. b3 O-O 13. Bb2 {½-½ (46) Hou,Y (2571)-Danielian,E (2496) Istanbul 2009}) 10... Nf6 (10... Ne7 {is interesting.} 11. O-O O-O 12. Qe2 Rfe8 13. Bd2 Rad8) 11. O-O O-O 12. Bxf5 exf5 13. c3 Rad8 14. Qc2 Ne4 15. b4 Be7 16. Be3 Bf6 ({Black should try} 16... c5 $15 17. Rac1 Rfe8) 17. Bd4 $11 Bxd4 18. cxd4 Qb6 19. a3 Rd6 20. Rac1 Rfd8 21. Qc4 Qb5 22. Qa2 Rf8 23. Rc2 a5 24. bxa5 Qxa5 25. Rfc1 h6 {[#]} (25... c5 $11 {remains equal.} 26. dxc5 Nxc5) 26. Rxc6 (26. Ne5 $1 $16) 26... Rxc6 27. Rxc6 Ng5 28. Rc5 Nxf3+ 29. gxf3 {[%mdl 4096] Endgame KQR-KQR} Qe1+ 30. Kg2 Qd1 (30... Qe7 $14) 31. d5 $2 ({Don't play} 31. Rxf5 Qxd4 32. a4 Qd7 $16) (31. Qc4 $16) 31... Rd8 (31... Ra8 $11) 32. Qc2 (32. Qb2 $1 $14) 32... Qxc2 33. Rxc2 Rxd5 {KR-KR} 34. Rc8+ Kh7 35. Ra8 Rd3 36. a4 Ra3 37. a5 Kg6 38. Ra6+ Kh7 39. Ra7 Kg6 40. Ra6+ Kh7 41. Ra7 Kg6 42. Ra6+ f6 43. Ra7 h5 44. Kg3 h4+ 45. Kg2 ({Don't blunder} 45. Kxh4 $2 Rxf3 46. a6 Kh6 $19) 45... Kh6 46. Ra8 g5 47. Rh8+ (47. h3 $11) 47... Kg7 $1 $15 {[%cal Rg7h8]} 48. Ra8 {[#]} h3+ (48... g4 $1 $17 49. fxg4 fxg4) 49. Kxh3 $11 {The position is equal.} Rxf3+ 50. Kg2 Ra3 51. a6 f4 52. h3 Kg6 53. a7 {Black must now prevent Rg8+.} Kf5 54. Kh2 Ra2 55. Kg2 Ra3 56. Kh2 Ra1 57. Kg2 Ra2 58. Kf3 Ra3+ 59. Kg2 Ra4 60. Kh2 Ra5 61. Kg2 Ra3 62. Kh2 Ra1 63. Kg2 Ra2 64. Kf3 Ra4 65. Kg2 Ra3 66. Kh2 Ra5 67. Kg2 Ra4 68. Kh2 {next f3 is good for White.} f3 69. Kg3 Ra3 70. Kh2 Kf4 71. Rf8 Rxa7 72. Rxf6+ Ke5 73. Rxf3 Ra4 (73... Ra2 {seems wilder.} 74. Kg3 Ra4 75. Kg2 Rc4 76. Ra3 Kf5) 74. Kg3 Rb4 75. Ra3 Kf5 76. Ra5+ Kg6 77. f3 Rc4 78. Rb5 Ra4 79. Rb6+ Kf5 80. Rb5+ Kg6 {[%mdl 32768] Accuracy: White = 53%, Black = 55%. . Sensor Board Error (Ke4/e5)?} 1-0

[Event "RUS-ch Men Blitz 2019"]
[Site "Sochi"]
[Date "2019.10.17"]
[Round "8.30"]
[White "Cherenkov, Andrey"]
[Black "Samusenko, Maksim"]
[Result "0-1"]
[WhiteElo "2221"]
[BlackElo "2445"]
[Annotator "TA"]
[PlyCount "90"]
[EventDate "2019.10.17"]
[EventType "swiss"]
[EventCountry "RUS"]
[SourceTitle "playchess.com"]
[Source "ChessBase"]
[SourceQuality "1"]

{[%evp 15,90,23,39,35,42,0,10,0,0,0,0,-7,0,-10,0,0,22,18,22,31,28,10,10,5,8,0,47,52,54,55,57,56,118,92,125,69,76,74,195,163,225,195,266,269,305,303,291,243,259,251,251,262,262,221,224,226,634,197,191,194,170,136,149,148,119,71,412,-276,-276,-1052,-1052,-1036,-1036,-1030,-1021,-986,-976]} 1. e4 d6 2. d4 Nf6 3. Nc3 e5 4. dxe5 dxe5 5. Qxd8+ Kxd8 6. Bc4 Ke8 7. Nf3 Bd6 8. Bg5 Nbd7 9. O-O-O {B07: Pirc Defence: Miscellaneous Systems} (9. Nd2 c6 10. Bb3 Bc7 11. O-O Nc5 12. Be3 Ne6 13. f3 Ke7 14. Rfd1 Rd8 15. Ne2 Nh5 16. g3 Nf6 {½-½ (50) Shomoev,A (2550)-Najer,E (2682) Sochi 2017}) 9... a6 10. Nh4 h6 11. Be3 {The position is equal.} g6 12. f3 b5 13. Bd5 $146 ({Predecessor:} 13. Bb3 Bb7 14. Nd5 Rd8 15. g3 c6 16. Nxf6+ Nxf6 {0-1 (57) Buckley,D (2232)-Shaw,J (2447) Sunningdale 2007}) 13... Nxd5 14. Nxd5 Bb7 15. g3 Bxd5 16. Rxd5 Ke7 17. Rhd1 Rad8 18. Bf2 Ke6 19. Ng2 Nf6 20. R5d2 c6 21. Ne1 Be7 22. Nd3 Nd7 $1 23. f4 h5 ({Black should try} 23... f6 $14) 24. fxe5 $1 $16 {Threatens to win with Nf4+.} g5 ({Avoid the trap} 24... Nxe5 $2 25. Nxe5 Rxd2 26. Rxd2 $18) 25. b4 (25. a3 $16) 25... Rhe8 26. Bd4 Nf8 (26... Rc8 $16 {was called for.}) 27. Bb2 Ng6 (27... Nd7 $142 28. Kb1 c5) 28. a3 Ra8 (28... a5 $142 29. Rf1 (29. bxa5 Ra8 $18) 29... axb4) 29. Rf2 $18 Rad8 30. Rdf1 Rf8 31. Kb1 h4 32. gxh4 Nxh4 33. Nc5+ Bxc5 34. Rf6+ Ke7 35. bxc5 Rc8 $2 (35... g4 36. R1f4 (36. Rxc6 Nf3 $16) 36... Nf3) 36. Rd6 $2 (36. Bc1) 36... Ng6 37. Rfd1 Rc7 38. Bc1 Nxe5 39. Bxg5+ f6 40. Bh4 {Hoping for Rf1.} Nc4 $2 {[%mdl 8192] [#]} (40... Rd7 $16) 41. Rxf6 $4 {[%mdl 8192]} (41. e5 $1 $18 {[%mdl 512] is the narrow road to win.}) 41... Rxf6 $19 42. Rf1 $2 (42. Rd6 Nxd6 43. cxd6+ Kxd6 44. Bxf6) 42... Nd2+ {[%mdl 64] Double Attack. Black is clearly winning.} 43. Kb2 Nxf1 44. e5 Ke6 45. exf6 Rh7 {Accuracy: White = 42%, Black = 48%.} 0-1

[Event "RUS-ch Men Blitz 2019"]
[Site "Sochi"]
[Date "2019.10.17"]
[Round "8.31"]
[White "Derjabin, Ilja"]
[Black "Kozak, Alexander"]
[Result "1/2-1/2"]
[WhiteElo "2333"]
[BlackElo "2230"]
[Annotator "TA"]
[PlyCount "136"]
[EventDate "2019.10.17"]
[EventType "swiss"]
[EventCountry "RUS"]
[SourceTitle "playchess.com"]
[Source "ChessBase"]
[SourceQuality "1"]

{[%evp 9,136,49,73,39,54,24,27,27,31,24,27,17,21,10,15,0,0,-26,-23,-35,-27,-58,-64,-76,-12,-21,27,-76,-70,-59,-38,-42,0,-10,0,0,16,14,16,16,40,40,40,39,50,18,64,64,70,51,58,52,76,40,40,40,183,81,76,77,152,0,105,39,39,32,39,0,39,0,0,0,39,39,39,15,39,0,50,39,39,0,54,14,39,0,55,39,108,33,175,0,94,63,90,0,90,0,68,39,39,39,39,14,97,98,85,39,40,30,168,146,159,177,152,-130,-124,-205,-57,-99,0,0,300,338,497,474,428,356,270]} 1. d4 g6 2. c4 Bg7 3. e4 d6 4. Nc3 e5 5. d5 Ne7 6. Nge2 {A42: Modern Defence: Averbakh Variation} (6. Be3 Nd7 7. Qd2 f5 8. f3 Nf6 9. h3 f4 10. Bf2 O-O 11. c5 g5 12. O-O-O h5 13. cxd6 cxd6 14. Kb1 Bd7 15. Bb5 g4 16. Bxd7 Qxd7 17. hxg4 hxg4 18. fxg4 Qxg4 {1-0 (37) Le,Q (2693)-Mamedyarov,S (2726) Astana 2012}) 6... O-O 7. Ng3 f5 $146 ({Predecessor:} 7... Nd7 8. Be2 f5 9. exf5 gxf5 10. O-O Ng6 11. Nh5 Qe7 12. Nxg7 Qxg7 13. f4 e4 {1-0 (23) Cilia Vincenti,D (2106)-Forster,W (1999) Auckland 2015}) 8. exf5 {White has an edge.} Nxf5 9. Bd3 a5 10. O-O Na6 {[%cal Bb8a6,Ba6c5,Bc5d3][%mdl 32]} 11. Nxf5 (11. Nge4 {keeps more tension.} Bd7 12. Bg5 Qb8 13. Re1 b6 14. f3) 11... Bxf5 12. Bxf5 gxf5 13. f4 e4 14. Be3 Nc5 15. Qe2 Nd3 16. Rab1 c6 (16... Bxc3 $17 17. bxc3 b6) 17. Kh1 $11 Kh8 18. Nd1 (18. g4 $11) 18... cxd5 19. cxd5 Qe8 20. Nf2 Nxf2+ 21. Qxf2 Qb5 22. Rfd1 Rf6 23. Rbc1 {[%cal Bb1c1,Bc1c7,Bc7b7][%mdl 32]} Rg6 24. Rc7 Qxb2 25. Qxb2 Bxb2 26. Rxb7 Bg7 27. Rc1 Kg8 28. a4 h5 29. Kg1 h4 30. Kf2 Rg4 31. Rcc7 Bf6 32. Rc6 Rd8 (32... Rg7 $14 33. Rxg7+ Kxg7) 33. Rbb6 (33. g3 $18) 33... Be7 $16 34. Rc7 Bf6 (34... Bf8 $142) 35. Rbb7 $2 (35. Ra7 $1 $16) 35... Bg7 (35... Ra8 $11) 36. h3 (36. g3 $16) 36... Rg6 37. Bb6 Re8 38. Be3 Rd8 39. Rd7 Rc8 40. Rdc7 Rd8 41. Rc6 Bf8 42. Bd4 Bh6 43. Be3 (43. Bb6 $5 {[%cal Rb6d8]} Ra8 44. Be3 $14) 43... Bg7 44. Rbb6 Bf8 45. Rb7 Bg7 46. Bb6 Re8 47. Be3 Rd8 48. Rcc7 Bf8 (48... Rg3 $14) 49. Kf1 (49. Bd4 $16) 49... Rg3 (49... Rg7 $14) 50. Kf2 (50. Bd4 $1 $18 {Threatens to win with Rh7.} Rg6 51. Bc3) 50... Rg6 51. Rf7 Rc8 52. Rfc7 Rd8 53. Rc6 Bg7 54. Rb5 Ra8 55. Rc7 Bf8 56. Bb6 Rb8 (56... Rg3 $11 {keeps the balance.}) 57. Bxa5 Ra8 58. Rc4 Rg3 $1 59. Bc3 e3+ (59... Bg7 $11 {and Black is okay.} 60. Bxg7 Rxg7) 60. Kf1 Re8 61. Be1 $1 $36 {[%cal Re1g3][%mdl 2048] White is really pushing.} e2+ {[#]} 62. Kg1 $2 {[#]} (62. Kf2 $1 $16 {is forced if you want to stay better.}) 62... Rd3 $1 $17 63. Rc1 (63. Kf2 $17 {might work better.} Bg7 64. a5 Bd4+ 65. Rxd4 Rxd4 66. Rb4 Rxb4 67. Bxb4) 63... Rd1 ({Better is} 63... Bh6 $19 64. Rc4 Bg7) 64. Rbb1 $15 Rxc1 ({Black should play} 64... Rxd5 $17 {aiming for ...Bh6.} 65. Bxh4 Bg7) 65. Rxc1 $11 {And now Rc4 would win.} Bh6 $2 {[%mdl 8192]} (65... Re4 $1 $11 {and Black has nothing to worry.}) 66. Rc4 $18 (66. Bxh4 Bxf4 67. Rb1 Be3+ 68. Kh2 Bd4 $11) 66... Rb8 (66... Re3 $142 67. Kf2 (67. Bxh4 e1=Q+ 68. Bxe1 Rxe1+ 69. Kf2 Rd1 $15) 67... Ra3 68. Kxe2 Ra2+ 69. Kd3 Rxg2 70. Bxh4 Kf7) 67. Kf2 Rb2 68. a5 Ra2 {[%mdl 32768] Accuracy: White = 33%, Black = 40%. . An unexpected result.} 1/2-1/2